ბათუმის შოთა რუსთაველის სახელმწიფო უნივერსიტეტის ბიბლიოთეკა

Конкурентное преимушество. (ბიბ.ჩანაწერი № 35166)

000 -LEADER
fixed length control field 00815nam a2200229Ia 4500
001 - CONTROL NUMBER
control field 1009
003 - CONTROL NUMBER IDENTIFIER
control field GE_BSU
008 - FIXED-LENGTH DATA ELEMENTS--GENERAL INFORMATION
fixed length control field 181216s||||||||xx |||||||||||||| ||und||
020 ## - INTERNATIONAL STANDARD BOOK NUMBER
International Standard Book Number 5961401820
040 ## - CATALOGING SOURCE
Transcribing agency GE_BSU
080 ## - UNIVERSAL DECIMAL CLASSIFICATION NUMBER
Universal Decimal Classification number 65.011(075.8)
245 ## - TITLE STATEMENT
Title Конкурентное преимушество.
245 ## - TITLE STATEMENT
Remainder of title Как достичь высокого результата и обеспечить его устойчивость
245 ## - TITLE STATEMENT
Statement of responsibility, etc. Пер. с англ.
260 ## - PUBLICATION, DISTRIBUTION, ETC.
Place of publication, distribution, etc. Москва
260 ## - PUBLICATION, DISTRIBUTION, ETC.
Name of publisher, distributor, etc. Альпина бизнес букс
260 ## - PUBLICATION, DISTRIBUTION, ETC.
Date of publication, distribution, etc. 2005
300 ## - PHYSICAL DESCRIPTION
Extent 715стр.
653 ## - INDEX TERM--UNCONTROLLED
Uncontrolled term Конкурентное преимушество. Как достичь высокого результата и обеспечить его устойчивость.
942 ## - ADDED ENTRY ELEMENTS (KOHA)
Koha item type წიგნი
ეგზემპლარები
Withdrawn status Lost status Damaged status Not for loan Date acquired Barcode Date last seen Price effective from Koha item type
        2018-12-17 1024 2018-12-17 2018-12-17 წიგნი